Les 10 plus jeunes et plus vieux diables rouges de l'histoire - Statistiques

Statistiques générales
  • Ce quiz a été pris 25 fois
  • Le résultat moyen est 4 sur 20
Statistiques - réponses
Année du premier/dernier match Age lors du premier/dernier match Réponse % Correct
2008 17 ans, 10 mois, 12 jours Eden Hazard
82%
2010 16 ans, 9 mois, 18 jours Romelu Lukaku
73%
2004 17 ans, 10 mois, 8 jours Vincent Kompany
64%
2024 37 ans, 2 mois, 7 jours Jan Vertonghen
55%
2016 39 ans, 11 mois, 2 jours Timmy Simons
41%
2025 17 ans, 0 mois, 19 jours Jorthy Mokio
27%
2013 17 ans, 8 mois, 19 jours Zakaria Bakkali
23%
2004 16 ans, 6 mois, 4 jours Anthony Vanden Borre
18%
1991 36 ans, 10 mois, 9 jours Eric Gerets
14%
1998 37 ans, 1 mois, 26 jours Franky Van der Elst
14%
1960 17 ans, 0 mois, 17 jours Pau Van Himst
9%
1982 37 ans, 3 mois, 30 jours Wilfried Van Moer
9%
1994 36 ans, 7 mois, 19 jours Michel De Wolf
5%
2002 36 ans, 10 mois, 16 jours Danny Boffin
0%
1911 16 ans, 0 mois, 19 jours Fernand Nisot
0%
1923 37 ans, 7 mois, 26 jours Hector Goetinck
0%
1930 38 ans, 0 mois, 29 jours Jan De Bie
0%
1931 17 ans, 5 mois, 3 jours Jean Capelle
0%
1911 17 ans, 6 mois, 18 jours Joseph Musch
0%
1999 37 ans, 8 mois, 13 jours Philippe Vande Walle
0%
Aucun quiz correspondant
Distribution des résultats
% des personnes avec chaque résultat
Percentile par nombre de réponses
Votre historique - résultats
Vous n’avez pas pris ce quiz